[Event "Montcalm-ch"]
[Site "Quebec CAN"]
[Date "2007.05.10"]
[Round "2"]
[White "Lessard, Claude"]
[Black "Auger, Bertrand"]
[Result "1-0"]
[WhiteElo "2069"]
[BlackElo "2032"]
[PlyCount "67"]
[GameId "2160767910684700"]
[EventDate "2007.05.03"]
[EventType "tourn"]
[EventRounds "5"]
[EventCountry "CAN"]
[SourceTitle "EXT 2022"]
[Source "ChessBase"]
[SourceDate "2021.10.06"]
[SourceVersion "1"]
[SourceVersionDate "2021.10.06"]
[SourceQuality "1"]

1. d4 e6 2. c4 Nf6 3. Nf3 b6 4. a3 Bb7 5. Nc3 Be7 6. Qc2 O-O 7. e4 d6 8. Bd3 Nbd7 9. Bf4 Nh5 10. Be3 e5 11. O-O-O g6 12. h4 Bf6 13. g4 Nf4 14. Bxf4 exf4 15. g5 Bg7 16. h5 c5 17. hxg6 fxg6 18. Nd5 cxd4 19. Rh3 Rf7 20. Rdh1 Nf8 21. Kb1 Rc8 22. Qd2 Ne6 23. Rxh7 Nxg5 24. Nxg5 Qxg5 25. f3 Bxd5 26. exd5 Rff8 27. Qh2 Qg3 28. Qc2 Rf6 29. R7h3 Qg5 30. Qh2 Kf7 31. Rh7 Rg8 32. Re1 Re8 33. Rxg7+ Kxg7 34. Rxe8 1-0

[Event "Montcalm-ch"]
[Site "Quebec CAN"]
[Date "2007.05.10"]
[Round "2"]
[White "Perreault, Jacquelin"]
[Black "Sauve, Richard"]
[Result "1-0"]
[WhiteElo "1843"]
[BlackElo "2000"]
[PlyCount "125"]
[GameId "2160767910684701"]
[EventDate "2007.05.03"]
[EventType "tourn"]
[EventRounds "5"]
[EventCountry "CAN"]
[SourceTitle "EXT 2022"]
[Source "ChessBase"]
[SourceDate "2021.10.06"]
[SourceVersion "1"]
[SourceVersionDate "2021.10.06"]
[SourceQuality "1"]

1. e4 e6 2. d4 d5 3. Nd2 Nf6 4. e5 Nfd7 5. Bd3 c5 6. c3 Nc6 7. Ne2 cxd4 8. cxd4 f6 9. exf6 Nxf6 10. Nf3 Bd6 11. Bf4 Bxf4 12. Nxf4 O-O 13. O-O Ne4 14. g3 Qf6 15. Bxe4 dxe4 16. Ne5 Nxe5 17. dxe5 Qxe5 18. Qb3 g5 19. Ng2 Bd7 20. Ne3 Bc6 21. Rad1 Kg7 22. Ng4 Qf5 23. Qc3+ Kg6 24. Ne5+ Kh6 25. Nxc6 bxc6 26. Rd6 Rac8 27. Qe3 Qe5 28. Rd4 Rf3 29. Qxe4 Qxe4 30. Rxe4 Rf6 31. Rfe1 Rd8 32. Rxe6 Kg6 33. Rxf6+ Kxf6 34. Rc1 Rd6 35. Kf1 h6 36. Ke2 Ke5 37. Rc3 Rf6 38. f3 Kd5 39. b4 Re6+ 40. Kd2 Kd4 41. Rd3+ Kc4 42. a3 Kb5 43. f4 gxf4 44. gxf4 a5 45. bxa5 Kxa5 46. f5 Rf6 47. Rf3 Kb5 48. Rf4 Kc5 49. a4 Kd6 50. Ke3 c5 51. Ke4 Rf8 52. f6 Ra8 53. Kd3 Ke5 54. Rf2 Rf8 55. f7 Kd5 56. a5 h5 57. h4 Ke5 58. Kc4 Kd6 59. a6 Kc6 60. Rf6+ Kc7 61. Kxc5 Kb8 62. Kb6 Ka8 63. Kc7 1-0

[Event "Montcalm-ch"]
[Site "Quebec CAN"]
[Date "2007.05.17"]
[Round "3"]
[White "Audet-Bouchard, Nicolas"]
[Black "Lessard, Claude"]
[Result "0-1"]
[WhiteElo "2262"]
[BlackElo "2069"]
[PlyCount "142"]
[GameId "2160767910684702"]
[EventDate "2007.05.03"]
[EventType "tourn"]
[EventRounds "5"]
[EventCountry "CAN"]
[SourceTitle "EXT 2022"]
[Source "ChessBase"]
[SourceDate "2021.10.06"]
[SourceVersion "1"]
[SourceVersionDate "2021.10.06"]
[SourceQuality "1"]

1. e4 c5 2. Nf3 Nc6 3. Bb5 a6 4. Bxc6 dxc6 5. O-O Bg4 6. h3 Bh5 7. b3 e6 8. Bb2 Nf6 9. d3 Be7 10. Nbd2 Nd7 11. Qe2 O-O 12. e5 Qc7 13. Rfe1 Bg6 14. Ne4 b5 15. Ng3 Nb6 16. c4 Rfd8 17. Red1 h6 18. Ne4 Rd7 19. a4 bxa4 20. bxa4 Rad8 21. Rd2 Rb8 22. Bc3 Nc8 23. Rdd1 Qd8 24. Ne1 Rb3 25. Rdb1 Rdb7 26. Nd2 Rxb1 27. Rxb1 Rxb1 28. Nxb1 Qb6 29. Nd2 h5 30. Qd1 Qd8 31. Nb3 Qd7 32. Nc1 Bg5 33. Ne2 Nb6 34. f4 Be7 35. Qb3 Nc8 36. Bd2 h4 37. Be3 Qa7 38. Kf2 Nb6 39. Nc3 Nd7 40. Ne4 Bxe4 41. dxe4 Qb6 42. Qc2 g5 43. fxg5 Nxe5 44. Nd3 Ng6 45. Qb2 Qc7 46. e5 Qa5 47. Qb3 Qc7 48. Qb2 Qd8 49. Qd2 Qb6 50. g3 Qb3 51. gxh4 Nxh4 52. Nxc5 Qxc4 53. Qd3 Qa2+ 54. Qe2 Qd5 55. Qg4 Ng6 56. Ne4 Qxe5 57. Kg2 Qf5 58. Qxf5 exf5 59. Nf6+ Bxf6 60. gxf6 Ne5 61. Kg3 Kh7 62. Kf4 Nc4 63. Bd4 Kg6 64. h4 Nd6 65. Be5 Nb7 66. h5+ Kxh5 67. Kxf5 Nc5 68. Bd6 Nxa4 69. Bf4 Nc3 70. Bd2 Nb5 71. Bc1 a5 0-1

[Event "Montcalm-ch"]
[Site "Quebec CAN"]
[Date "2007.05.17"]
[Round "3"]
[White "Auger, Bertrand"]
[Black "Perreault, Jacquelin"]
[Result "1-0"]
[WhiteElo "2032"]
[BlackElo "1843"]
[PlyCount "51"]
[GameId "2160767910684703"]
[EventDate "2007.05.03"]
[EventType "tourn"]
[EventRounds "5"]
[EventCountry "CAN"]
[SourceTitle "EXT 2022"]
[Source "ChessBase"]
[SourceDate "2021.10.06"]
[SourceVersion "1"]
[SourceVersionDate "2021.10.06"]
[SourceQuality "1"]

1. Nf3 f5 2. g3 b6 3. Bg2 Bb7 4. O-O Nf6 5. c4 e6 6. Nc3 Be7 7. d4 O-O 8. Qb3 Qe8 9. d5 Na6 10. dxe6 dxe6 11. Bf4 Qh5 12. Rad1 Nc5 13. Qc2 Nce4 14. Nxe4 Bxe4 15. Qb3 Bc5 16. Bxc7 Ng4 17. h3 Bxf2+ 18. Rxf2 Nxf2 19. Kxf2 f4 20. Bxf4 Rae8 21. Kg1 Rf7 22. Qe3 Bb7 23. b4 Rf6 24. g4 Qg6 25. Ne5 Qc2 26. Rc1 1-0

[Event "Montcalm-ch"]
[Site "Quebec CAN"]
[Date "2007.05.17"]
[Round "3"]
[White "Sauve, Richard"]
[Black "Berube, Antoine"]
[Result "1-0"]
[WhiteElo "2000"]
[BlackElo "2182"]
[PlyCount "59"]
[GameId "2160767910684704"]
[EventDate "2007.05.03"]
[EventType "tourn"]
[EventRounds "5"]
[EventCountry "CAN"]
[SourceTitle "EXT 2022"]
[Source "ChessBase"]
[SourceDate "2021.10.06"]
[SourceVersion "1"]
[SourceVersionDate "2021.10.06"]
[SourceQuality "1"]

1. d4 d5 2. c4 c6 3. e3 Nf6 4. Nc3 e6 5. Nf3 Nbd7 6. Qc2 Bd6 7. b3 O-O 8. Be2 Qe7 9. O-O dxc4 10. Bxc4 e5 11. Bb2 e4 12. Ng5 Bxh2+ 13. Kxh2 Ng4+ 14. Kg1 Qxg5 15. Nxe4 Qh4 16. Rfe1 Qh2+ 17. Kf1 Ndf6 18. Nxf6+ Nxf6 19. f3 Bh3 20. Qf2 Qh1+ 21. Ke2 Qxg2 22. Qxg2 Bxg2 23. Rg1 Bh3 24. d5 Ne8 25. dxc6 bxc6 26. Ba3 Bf5 27. Rad1 Nf6 28. Bxf8 Kxf8 29. Rg5 Bg6 30. Rd6 1-0

[Event "Montcalm-ch"]
[Site "Quebec CAN"]
[Date "2007.05.24"]
[Round "4"]
[White "Berube, Antoine"]
[Black "Lessard, Claude"]
[Result "0-1"]
[WhiteElo "2182"]
[BlackElo "2069"]
[PlyCount "78"]
[GameId "2160767910684705"]
[EventDate "2007.05.03"]
[EventType "tourn"]
[EventRounds "5"]
[EventCountry "CAN"]
[SourceTitle "EXT 2022"]
[Source "ChessBase"]
[SourceDate "2021.10.06"]
[SourceVersion "1"]
[SourceVersionDate "2021.10.06"]
[SourceQuality "1"]

1. e4 g6 2. d4 d6 3. c4 Nf6 4. Nc3 Bg7 5. f3 O-O 6. Be3 Nc6 7. Nge2 a6 8. Qd2 Bd7 9. Nc1 e5 10. d5 Nd4 11. Nb3 Nxb3 12. axb3 Nh5 13. Bd3 f5 14. c5 Nf4 15. Bc4 Kh8 16. Na4 Bxa4 17. bxa4 fxe4 18. fxe4 Nh5 19. O-O-O b5 20. axb5 axb5 21. Bxb5 Nf6 22. Bd3 Qb8 23. Rhf1 Qb3 24. Qc2 Qb4 25. Qc3 Qa4 26. Qc2 Qb4 27. Qc3 Qa4 28. Qc2 Qa5 29. Qc3 Qxc3+ 30. bxc3 Rfb8 31. Bg5 Nd7 32. cxd6 cxd6 33. Be3 Nc5 34. Bc2 Ra2 35. Kd2 Nxe4+ 36. Kd3 Nf6 37. Rb1 Rc8 38. Rb5 e4+ 39. Kd2 Ng4 0-1

[Event "Montcalm-ch"]
[Site "Quebec CAN"]
[Date "2007.05.24"]
[Round "4"]
[White "Perreault, Jacquelin"]
[Black "Audet-Bouchard, Nicolas"]
[Result "0-1"]
[WhiteElo "1843"]
[BlackElo "2262"]
[PlyCount "88"]
[GameId "2160767910684706"]
[EventDate "2007.05.03"]
[EventType "tourn"]
[EventRounds "5"]
[EventCountry "CAN"]
[SourceTitle "EXT 2022"]
[Source "ChessBase"]
[SourceDate "2021.10.06"]
[SourceVersion "1"]
[SourceVersionDate "2021.10.06"]
[SourceQuality "1"]

1. e4 c5 2. Nf3 Nc6 3. d4 cxd4 4. Nxd4 Nf6 5. Nc3 d6 6. Bg5 e6 7. Qd2 Be7 8. O-O-O O-O 9. f4 Nxd4 10. Qxd4 h6 11. Bh4 Qa5 12. Bd3 e5 13. Qf2 exf4 14. Bxf6 Bxf6 15. Nd5 Be5 16. Kb1 Bg4 17. Rdf1 Be6 18. c4 b5 19. Qe1 Qxe1+ 20. Rxe1 bxc4 21. Bxc4 Rab8 22. b3 Rb7 23. Rc1 a5 24. Rhf1 a4 25. Kc2 axb3+ 26. Bxb3 Bxd5 27. exd5 g5 28. h3 Kg7 29. Kd3 f5 30. Rc2 Kg6 31. Ke2 g4 32. hxg4 fxg4 33. Ba4 Rb4 34. Bd7 Kg5 35. a4 Re4+ 36. Kd1 Rb8 37. Bb5 h5 38. Re1 Rd4+ 39. Rd2 Rb4 40. Rd3 h4 41. Ke2 Rb2+ 42. Rd2 Rxd2+ 43. Kxd2 f3 44. gxf3 g3 0-1

[Event "Montcalm-ch"]
[Site "Quebec CAN"]
[Date "2007.05.24"]
[Round "4"]
[White "Sauve, Richard"]
[Black "Auger, Bertrand"]
[Result "1/2-1/2"]
[WhiteElo "2000"]
[BlackElo "2032"]
[PlyCount "70"]
[GameId "2160767910684707"]
[EventDate "2007.05.03"]
[EventType "tourn"]
[EventRounds "5"]
[EventCountry "CAN"]
[SourceTitle "EXT 2022"]
[Source "ChessBase"]
[SourceDate "2021.10.06"]
[SourceVersion "1"]
[SourceVersionDate "2021.10.06"]
[SourceQuality "1"]

1. d4 e6 2. c4 Nf6 3. Nc3 Bb4 4. e3 b6 5. Bd3 Bb7 6. Nge2 O-O 7. O-O c5 8. Qc2 cxd4 9. exd4 Nc6 10. Bg5 h6 11. Bh4 Be7 12. a3 d5 13. cxd5 Nxd5 14. Bxe7 Ncxe7 15. Rad1 Rc8 16. Qd2 Nf6 17. Bb1 Ned5 18. Rfe1 Qd6 19. Qd3 Rfd8 20. Ne4 Qe7 21. Nxf6+ Qxf6 22. Qg3 Rd7 23. Rd2 Rcd8 24. Red1 Ne7 25. f3 Nd5 26. Qf2 g6 27. Be4 Qg7 28. Bb1 Ba6 29. Nc3 Bc4 30. Bc2 Nf4 31. Qe3 Nd5 32. Qe4 Qf6 33. Kf2 Kg7 34. Kg1 Kg8 35. Kf2 Kg7 1/2-1/2

[Event "Montcalm-ch"]
[Site "Quebec CAN"]
[Date "2007.05.31"]
[Round "5"]
[White "Audet-Bouchard, Nicolas"]
[Black "Sauve, Richard"]
[Result "1-0"]
[WhiteElo "2262"]
[BlackElo "2000"]
[PlyCount "65"]
[GameId "2160767910684708"]
[EventDate "2007.05.03"]
[EventType "tourn"]
[EventRounds "5"]
[EventCountry "CAN"]
[SourceTitle "EXT 2022"]
[Source "ChessBase"]
[SourceDate "2021.10.06"]
[SourceVersion "1"]
[SourceVersionDate "2021.10.06"]
[SourceQuality "1"]

1. e4 e6 2. d4 d5 3. Nc3 Bb4 4. e5 c5 5. a3 Bxc3+ 6. bxc3 Ne7 7. Qg4 O-O 8. Bd3 Nbc6 9. Nf3 f5 10. exf6 Rxf6 11. Qh5 h6 12. O-O c4 13. Be2 Bd7 14. g4 Be8 15. Qh3 Bg6 16. g5 hxg5 17. Bxg5 Bf5 18. Qg3 Rf7 19. Ra2 Qa5 20. Nh4 Be4 21. Bh5 g6 22. Bg4 Nf5 23. Bxf5 Bxf5 24. Nxf5 exf5 25. Re1 Nxd4 26. Re5 Qb5 27. cxd4 Qb1+ 28. Kg2 Qxa2 29. Re6 Qxc2 30. Rxg6+ Rg7 31. Bh6 Qe4+ 32. f3 Qe2+ 33. Kh3 1-0

[Event "Montcalm-ch"]
[Site "Quebec CAN"]
[Date "2007.05.31"]
[Round "5"]
[White "Lessard, Claude"]
[Black "Perreault, Jacquelin"]
[Result "1/2-1/2"]
[WhiteElo "2069"]
[BlackElo "1843"]
[PlyCount "73"]
[GameId "2160767910684709"]
[EventDate "2007.05.03"]
[EventType "tourn"]
[EventRounds "5"]
[EventCountry "CAN"]
[SourceTitle "EXT 2022"]
[Source "ChessBase"]
[SourceDate "2021.10.06"]
[SourceVersion "1"]
[SourceVersionDate "2021.10.06"]
[SourceQuality "1"]

1. d4 Nf6 2. Nf3 e6 3. c4 b6 4. Nc3 Bb4 5. Qc2 Bb7 6. Bg5 h6 7. Bd2 c5 8. e3 Bxc3 9. Bxc3 d6 10. dxc5 dxc5 11. Bd3 Nbd7 12. O-O-O Qe7 13. Qa4 O-O 14. Ne5 Nxe5 15. Bxe5 Rfd8 16. f3 a6 17. Be2 b5 18. Qa5 bxc4 19. e4 Rxd1+ 20. Rxd1 Nxe4 21. Bf4 Nf6 22. Bxc4 Bd5 23. b3 Qb7 24. Be5 Qb4 25. Qxb4 cxb4 26. Bxf6 Bxc4 27. Be7 Bd5 28. Bxb4 a5 29. Bd6 a4 30. bxa4 Rxa4 31. a3 Bb3 32. Rd2 Rc4+ 33. Kb2 Ba4 34. Bb4 g5 35. Bc3 Kh7 36. Rd8 h5 37. Rd4 1/2-1/2

[Event "Montreal Mercredi 01"]
[Site "Montreal CAN"]
[Date "2007.01.10"]
[Round "?"]
[White "Pregent, Daniel"]
[Black "Dominique, Vladimir"]
[Result "1/2-1/2"]
[WhiteElo "1757"]
[BlackElo "1826"]
[PlyCount "123"]
[GameId "2160767910735198"]
[EventDate "2007.01.10"]
[EventType "swiss"]
[EventRounds "5"]
[EventCountry "CAN"]
[SourceTitle "EXT 2022"]
[Source "ChessBase"]
[SourceDate "2021.10.06"]
[SourceVersion "1"]
[SourceVersionDate "2021.10.06"]
[SourceQuality "1"]

1. d4 d5 2. c4 e6 3. Nc3 Nf6 4. Bg5 Be7 5. Nf3 Nbd7 6. e3 c6 7. Rc1 O-O 8. Qc2 Qa5 9. a3 h6 10. Bh4 g5 11. Bg3 Ne4 12. Bd3 Nxc3 13. Qxc3 Qxc3+ 14. Rxc3 Nf6 15. Nd2 Bd7 16. f3 Rac8 17. e4 c5 18. dxc5 Bxc5 19. Be5 Nh5 20. b4 f6 21. Bg3 Bb6 22. Bd6 Rfe8 23. g3 Bc7 24. Bc5 b6 25. Bf2 Bd6 26. O-O Rc7 27. c5 Ng7 28. Rfc1 Be5 29. Rb3 Rb8 30. Rbb1 Ne8 31. Nb3 Ba4 32. Nd4 Bxd4 33. Bxd4 e5 34. Be3 d4 35. Bd2 bxc5 36. Rxc5 Rxc5 37. bxc5 Rxb1+ 38. Bxb1 Kf7 39. Ba5 Ke7 40. Ba2 Kd7 41. Bd5 Nc7 42. Bb7 Bc6 43. Bxc6+ Kxc6 44. Kf2 Ne8 45. g4 Kxc5 46. Bb4+ Kc4 47. Ke2 Kb3 48. Kd3 a5 49. Bxa5 Kxa3 50. Bd8 Kb2 51. Kd2 Kb3 52. Be7 Kc4 53. Bf8 Kb5 54. Bxh6 Kc6 55. Bf8 Kd7 56. Ba3 Nd6 57. Kd3 Nf7 58. Bc1 Nh8 59. Bd2 Ng6 60. Ke2 Ke6 61. Kf2 Kf7 62. Bc1 1/2-1/2

[Event "Montreal Mercredi 01"]
[Site "Montreal CAN"]
[Date "2007.01.10"]
[Round "1"]
[White "Courval, Francois"]
[Black "Gadbois, Patrick"]
[Result "1-0"]
[WhiteElo "1898"]
[BlackElo "1916"]
[PlyCount "119"]
[GameId "2160767910735201"]
[EventDate "2007.01.10"]
[EventType "swiss"]
[EventRounds "5"]
[EventCountry "CAN"]
[SourceTitle "EXT 2022"]
[Source "ChessBase"]
[SourceDate "2021.10.06"]
[SourceVersion "1"]
[SourceVersionDate "2021.10.06"]
[SourceQuality "1"]

1. e4 e6 2. d4 d5 3. e5 c5 4. c3 Nc6 5. Nf3 Qb6 6. a3 c4 7. Nbd2 f6 8. exf6 Nxf6 9. g3 Bd6 10. b3 cxb3 11. Bb2 O-O 12. c4 Qa5 13. c5 Ne4 14. Be2 Be7 15. O-O Nxd2 16. Nxd2 e5 17. Nxb3 Qd8 18. dxe5 Bh3 19. Re1 a5 20. a4 Nb4 21. Rc1 Rc8 22. Qd4 Bf5 23. Qd2 b6 24. cxb6 Qxb6 25. Bd4 Qg6 26. Bc5 Bxc5 27. Rxc5 Rxc5 28. Nxc5 Rc8 29. Rc1 Qb6 30. Nb3 Re8 31. Qd4 Qxd4 32. Nxd4 Rxe5 33. Nxf5 Rxf5 34. Rc5 Re5 35. Kf1 Na2 36. Rxa5 Nc3 37. Bb5 Kf7 38. Bc6 Kf6 39. Rc5 d4 40. Rxe5 Kxe5 41. a5 Kd6 42. Be8 Kc5 43. Ke1 Nd5 44. Kd2 Nc7 45. Bd7 Nd5 46. Bc8 Nb4 47. Bd7 Nd5 48. f4 Nf6 49. Bc8 Nd5 50. a6 Kb6 51. Kd3 Ne7 52. Bb7 Nf5 53. g4 Nh6 54. h3 Nf7 55. Kxd4 Nd6 56. Kd5 Nb5 57. f5 Kc7 58. Ke6 Nd6 59. Bd5 Nc8 60. Kf7 1-0

[Event "Montreal Mercredi 01"]
[Site "Montreal CAN"]
[Date "2007.01.10"]
[Round "1"]
[White "Katch, Gary"]
[Black "Gauthier, Luc"]
[Result "1/2-1/2"]
[WhiteElo "1717"]
[BlackElo "1684"]
[PlyCount "63"]
[GameId "2160767910735202"]
[EventDate "2007.01.10"]
[EventType "swiss"]
[EventRounds "5"]
[EventCountry "CAN"]
[SourceTitle "EXT 2022"]
[Source "ChessBase"]
[SourceDate "2021.10.06"]
[SourceVersion "1"]
[SourceVersionDate "2021.10.06"]
[SourceQuality "1"]

1. e4 Nf6 2. Nc3 d5 3. exd5 Nxd5 4. d4 Nxc3 5. bxc3 c6 6. Bd3 Nd7 7. Nf3 Nf6 8. O-O Bg4 9. Re1 e6 10. Bg5 Be7 11. Rb1 Qc7 12. c4 O-O 13. h3 Bh5 14. c3 h6 15. Bh4 b6 16. Re3 Rad8 17. Qe1 Bxf3 18. Rxf3 Rfe8 19. Bxf6 Bxf6 20. Qe4 c5 21. Qg4 Kf8 22. dxc5 bxc5 23. g3 Rb8 24. Re1 Bxc3 25. Rxe6 Rxe6 26. Qxe6 Re8 27. Qd5 Bf6 28. Rf5 Bd4 29. Qf3 Qe7 30. Kg2 Bf6 31. Rf4 Qd7 32. Re4 1/2-1/2

[Event "Montreal Mercredi 01"]
[Site "Montreal CAN"]
[Date "2007.01.10"]
[Round "1"]
[White "Messier, Samuel"]
[Black "Leitch, Darcy"]
[Result "0-1"]
[WhiteElo "1636"]
[BlackElo "1620"]
[PlyCount "78"]
[GameId "2160767910735203"]
[EventDate "2007.01.10"]
[EventType "swiss"]
[EventRounds "5"]
[EventCountry "CAN"]
[SourceTitle "EXT 2022"]
[Source "ChessBase"]
[SourceDate "2021.10.06"]
[SourceVersion "1"]
[SourceVersionDate "2021.10.06"]
[SourceQuality "1"]

1. e4 c5 2. Nf3 d6 3. d4 cxd4 4. Nxd4 Nf6 5. Nc3 a6 6. Bc4 e6 7. f3 Qc7 8. Bb3 b5 9. a3 Bb7 10. Be3 Nbd7 11. O-O Nc5 12. Ba2 Rc8 13. Rc1 h6 14. Re1 Rg8 15. b4 Ncd7 16. Nce2 Ne5 17. Nxe6 fxe6 18. Bxe6 Nc4 19. Bd4 Rh8 20. Bxc8 Bxc8 21. a4 Be7 22. c3 Bd7 23. a5 g5 24. Ng3 Kd8 25. Rc2 Kc8 26. Rce2 Rh7 27. Qd3 Rf7 28. Nf5 Bf8 29. e5 dxe5 30. Bxe5 Nxe5 31. Rxe5 Kb8 32. Nd4 Bd6 33. Ne6 Qa7+ 34. Kh1 Bxe5 35. Rxe5 Bxe6 36. Rxe6 Rd7 37. Qe2 Nd5 38. Qe5+ Qc7 39. Re8+ Kb7 0-1

[Event "Montreal Mercredi 01"]
[Site "Montreal CAN"]
[Date "2007.01.10"]
[Round "1"]
[White "Plante, Michel"]
[Black "Boulay, David"]
[Result "0-1"]
[WhiteElo "1958"]
[BlackElo "2097"]
[PlyCount "146"]
[GameId "2160767910735204"]
[EventDate "2007.01.10"]
[EventType "swiss"]
[EventRounds "5"]
[EventCountry "CAN"]
[SourceTitle "EXT 2022"]
[Source "ChessBase"]
[SourceDate "2021.10.06"]
[SourceVersion "1"]
[SourceVersionDate "2021.10.06"]
[SourceQuality "1"]

1. d4 Nf6 2. Nf3 g6 3. Bg5 Bg7 4. Nbd2 d5 5. e3 O-O 6. c3 c6 7. Be2 Bf5 8. O-O Nbd7 9. b4 Ne4 10. Nxe4 Bxe4 11. Nd2 Bf5 12. f3 h6 13. Bh4 g5 14. Bg3 e5 15. Nb3 Qe7 16. Bd3 Bxd3 17. Qxd3 f5 18. Rae1 e4 19. fxe4 dxe4 20. Qe2 Nb6 21. a3 Rf7 22. Rf2 Raf8 23. Ref1 Qe6 24. Nc5 Qd5 25. h4 Nc4 26. hxg5 hxg5 27. a4 b6 28. Nb3 Bh6 29. Nd2 Nxd2 30. Qxd2 Kg7 31. Be5+ Kg6 32. Qe2 g4 33. c4 Qe6 34. g3 Bg5 35. Rh2 c5 36. bxc5 bxc5 37. Rb1 cxd4 38. Bxd4 Qd6 39. Kg2 Qa6 40. Qd1 Qxc4 41. Rc1 Qe6 42. Kg1 Qd6 43. Kf2 Rd7 44. Qc2 Bf6 45. Bxf6 Rxf6 46. Rch1 Qd2+ 47. Qxd2 Rxd2+ 48. Ke1 Rxh2 49. Rxh2 Rb6 50. Ra2 Rb1+ 51. Kf2 Kf6 52. Rd2 Rb4 53. Rd6+ Ke5 54. Ra6 Rb7 55. Ra5+ Ke6 56. Ra6+ Kd5 57. Ra5+ Kc4 58. Rxf5 Rb2+ 59. Kf1 Kd3 60. Rf4 Ra2 61. Rxg4 Rxa4 62. Rg8 Kxe3 63. g4 Kf3 64. Rf8+ Kxg4 65. Ke2 Ra3 66. Rf7 a5 67. Rf8 a4 68. Rf7 Rf3 69. Rg7+ Kf4 70. Re7 a3 71. Re8 Rh3 72. Rf8+ Ke5 73. Rf1 a2 0-1

[Event "Montreal Mercredi 01"]
[Site "Montreal CAN"]
[Date "2007.01.10"]
[Round "1"]
[White "Tremblay, Alain"]
[Black "Menard, Dominic"]
[Result "0-1"]
[WhiteElo "2079"]
[BlackElo "2020"]
[PlyCount "84"]
[GameId "2160767910735205"]
[EventDate "2007.01.10"]
[EventType "swiss"]
[EventRounds "5"]
[EventCountry "CAN"]
[SourceTitle "EXT 2022"]
[Source "ChessBase"]
[SourceDate "2021.10.06"]
[SourceVersion "1"]
[SourceVersionDate "2021.10.06"]
[SourceQuality "1"]

1. d4 d5 2. Nf3 e6 3. c4 dxc4 4. Nc3 a6 5. e3 Nf6 6. Bxc4 b5 7. Bb3 Bb7 8. O-O Nbd7 9. Qe2 b4 10. Na4 Ne4 11. Rd1 Bd6 12. Bd2 Qf6 13. Be1 Qh6 14. h3 Qh5 15. Bc4 O-O 16. Ne5 Qxe2 17. Bxe2 Bxe5 18. dxe5 Bc6 19. b3 a5 20. f3 Bxa4 21. fxe4 Bc6 22. Rac1 Nb8 23. Rd4 Ra7 24. Bh4 Ba8 25. Be7 Re8 26. Rd8 Rxd8 27. Bxd8 Nc6 28. Rd1 h6 29. Rd7 Nxd8 30. Rxd8+ Kh7 31. Bd3 Kg6 32. Rd4 c5 33. Rc4 Rd7 34. Bc2 Rc7 35. Bd3 Bb7 36. Bb1 Ba6 37. Rc1 c4 38. bxc4 Rxc4 39. Rxc4 Bxc4 40. Kf2 a4 41. Ke1 a3 42. Kd2 b3 0-1

[Event "Montreal Mercredi 01"]
[Site "Montreal CAN"]
[Date "2007.01.17"]
[Round "2"]
[White "Boulay, David"]
[Black "Ayotte, Jocelyn"]
[Result "1/2-1/2"]
[WhiteElo "2097"]
[BlackElo "2021"]
[PlyCount "80"]
[GameId "2160767910735206"]
[EventDate "2007.01.10"]
[EventType "swiss"]
[EventRounds "5"]
[EventCountry "CAN"]
[SourceTitle "EXT 2022"]
[Source "ChessBase"]
[SourceDate "2021.10.06"]
[SourceVersion "1"]
[SourceVersionDate "2021.10.06"]
[SourceQuality "1"]

1. e4 c6 2. d4 d5 3. exd5 cxd5 4. c4 Nf6 5. Nc3 Nc6 6. Bg5 e6 7. Nf3 Be7 8. c5 O-O 9. Bb5 Ne4 10. Bxe7 Qxe7 11. O-O Bd7 12. Bxc6 Nxc3 13. Qc2 bxc6 14. Qxc3 f6 15. Rfe1 Be8 16. Re3 Bf7 17. Rae1 Qc7 18. g3 Rae8 19. Nh4 g5 20. Ng2 Re7 21. b4 a5 22. Rb1 axb4 23. Qxb4 e5 24. a4 Ra8 25. dxe5 Rxe5 26. Qb6 Qd7 27. Rxe5 fxe5 28. a5 d4 29. a6 Bc4 30. Ra1 Qc8 31. a7 Kf7 32. Ne1 Bd5 33. Nd3 Kf6 34. Rb1 Qd7 35. Qb8 Qf5 36. Qxa8 Qxd3 37. Qb8 Qe4 38. Qd6+ Kf5 39. Qd7+ Kg6 40. Qe8+ Bf7 1/2-1/2

[Event "Montreal Mercredi 01"]
[Site "Montreal CAN"]
[Date "2007.01.17"]
[Round "2"]
[White "Cote, Philippe"]
[Black "Shahabi, Shahab"]
[Result "1-0"]
[WhiteElo "1467"]
[BlackElo "1455"]
[PlyCount "65"]
[GameId "2160767910735207"]
[EventDate "2007.01.10"]
[EventType "swiss"]
[EventRounds "5"]
[EventCountry "CAN"]
[SourceTitle "EXT 2022"]
[Source "ChessBase"]
[SourceDate "2021.10.06"]
[SourceVersion "1"]
[SourceVersionDate "2021.10.06"]
[SourceQuality "1"]

1. e4 e5 2. Nc3 Nf6 3. f4 d6 4. Nf3 exf4 5. d4 Bg4 6. Bxf4 Be7 7. Qd2 Nbd7 8. O-O-O Nh5 9. Be3 O-O 10. Bd3 Nb6 11. h3 Bd7 12. g4 Nf6 13. e5 Nfd5 14. Nxd5 Nxd5 15. Bg5 f6 16. Bh4 fxe5 17. Bxe7 Qxe7 18. Ng5 h6 19. Nh7 Rf4 20. dxe5 dxe5 21. g5 hxg5 22. Rhg1 g4 23. hxg4 Nb4 24. Rge1 Bxg4 25. Qxf4 exf4 26. Rxe7 Nxd3+ 27. Rxd3 Kxh7 28. Rd4 Rf8 29. Rxc7 f3 30. Rxg4 f2 31. Rgxg7+ Kh6 32. Rh7+ Kg5 33. Rh1 1-0

[Event "Montreal Mercredi 01"]
[Site "Montreal CAN"]
[Date "2007.01.17"]
[Round "2"]
[White "Courval, Francois"]
[Black "Pregent, Daniel"]
[Result "1-0"]
[WhiteElo "1898"]
[BlackElo "1757"]
[PlyCount "73"]
[GameId "2160767910735208"]
[EventDate "2007.01.10"]
[EventType "swiss"]
[EventRounds "5"]
[EventCountry "CAN"]
[SourceTitle "EXT 2022"]
[Source "ChessBase"]
[SourceDate "2021.10.06"]
[SourceVersion "1"]
[SourceVersionDate "2021.10.06"]
[SourceQuality "1"]

1. e4 e5 2. Nc3 Nc6 3. Bc4 Nf6 4. d3 Be7 5. f4 d6 6. Nf3 O-O 7. O-O Na5 8. Kh1 Nxc4 9. dxc4 exf4 10. Bxf4 Be6 11. Qd3 Nd7 12. Nd5 a5 13. Nxe7+ Qxe7 14. Rae1 f6 15. Nd4 Bf7 16. Nf5 Qe6 17. Qg3 Bg6 18. h4 Bxf5 19. exf5 Qxc4 20. h5 Rae8 21. h6 Qf7 22. hxg7 Qxg7 23. Qc3 Ne5 24. Re3 Kh8 25. Rg3 Qf7 26. Qxa5 Ra8 27. Qb4 c5 28. Qd2 Qc4 29. Rf2 Rxa2 30. Qxd6 Raa8 31. Bxe5 Qh4+ 32. Rh3 Qg5 33. Bc3 Rad8 34. Qxc5 Rg8 35. Qe7 Qc1+ 36. Kh2 Rxg2+ 37. Kxg2 1-0